CRIMINOLOGY PENOLOGY AND VICTIMLOGY (Record no. 34401)

MARC details
000 -LEADER
fixed length control field 00324nam a22001457a 4500
003 - CONTROL NUMBER IDENTIFIER
control field SGT
020 ## - INTERNATIONAL STANDARD BOOK NUMBER
International Standard Book Number 9788119114542
082 ## - DEWEY DECIMAL CLASSIFICATION NUMBER
Classification number 364
Item number SID
100 ## - MAIN ENTRY--PERSONAL NAME
Personal name SIDDIQUE AHMAD
245 ## - TITLE STATEMENT
Title CRIMINOLOGY PENOLOGY AND VICTIMLOGY
250 ## - EDITION STATEMENT
Edition statement 8
260 ## - PUBLICATION, DISTRIBUTION, ETC. (IMPRINT)
Place of publication, distribution, etc LUCKNOW
Name of publisher, distributor, etc EASTERN BOOK COMPANY
Year of Publication 2024
300 ## - PAGE DESCRIPTION
No. of Pages 558
942 ## - ADDED ENTRY ELEMENTS (KOHA)
Source of classification or shelving scheme Dewey Decimal Classification
Koha item type Books
Holdings
Withdrawn status Lost status Source of classification or shelving scheme Damaged status Not for loan Collection code Home library Current library Shelving location Date acquired Vendor Name Cost, normal purchase price SGTU Bill Number Total Checkouts Full call number Accession No. (Barcode) Date last seen Bill Date Koha item type
    Dewey Decimal Classification   Not For Loan LAW SGT Science & Social Sciences Library SGT Science & Social Sciences Library Reference Book 18/03/2026 ZAFFA BOOKS 795.00 SGTU ZBD0463   364 SID FL4185 18/03/2026 03/03/2026 Books
    Dewey Decimal Classification     LAW SGT Science & Social Sciences Library SGT Science & Social Sciences Library Text Book 18/03/2026 ZAFFA BOOKS 795.00 SGTU ZBD0463   364 SID FL4186 18/03/2026 03/03/2026 Books